Подробности
| 000 -МАРКЕР |
| контрольное поле |
01548nam2a2200277 4500 |
| 001 - ИДЕНТИФИКАТОР ЗАПИСИ |
| контрольное поле |
RU\NLR\BIBL_A\022152148 |
| 005 - ИДЕНТИФИКАТОР ВЕРСИИ |
| контрольное поле |
20250625141932.0 |
| 035 ## - ДРУГИЕ СИСТЕМНЫЕ НОМЕРА |
| Идентификатор записи |
(NLR Aleph) 022152148 |
| 100 ## - ДАННЫЕ ОБЩЕЙ ОБРАБОТКИ |
| Данные общей обработки |
20080428d1912 |||y0rusy50 ca |
| 101 0# - ЯЗЫК РЕСУРСА |
| Язык текста, звукозаписи и т.д. |
русский |
| 102 ## - СТРАНА ПУБЛИКАЦИИ ИЛИ ПРОИЗВОДСТВА |
| Страна публикации |
Российская Федерация |
| 105 ## - ПОЛЕ КОДИРОВАННЫХ ДАННЫХ: ТЕКСТОВЫЕ МАТЕРИАЛЫ, МОНОГРАФИЧЕСКИЕ |
| Кодированные данные о монографическом текстовом документе |
y z 000yy |
| 200 0# - ЗАГЛАВИЕ И СВЕДЕНИЯ ОБ ОТВЕТСТВЕННОСТИ |
| Основное заглавие |
Т. 1 |
| 210 ## - ПУБЛИКАЦИЯ, РАСПРОСТРАНЕНИЕ И ДР. |
| Дата издания, распространения и т.д. |
1912 |
| Место издания, распространения и т.д. |
Б. м. |
| 215 ## - ФИЗИЧЕСКАЯ ХАРАКТЕРИСТИКА |
| Специфическое обозначение материала и объем |
354, II с. |
| 316 ## - ПРИМЕЧАНИЯ ОБ ОСОБЕННОСТЯХ ЭКЗЕМПЛЯРА |
| Текст примечания |
Экз. РНБ (шифр 131/2599(1)) со штампом на нахзаце: "Книжная лавка писателей" |
| Организация и экземпляр, к которому относится поле |
NLR |
| 327 1# - ПРИМЕЧАНИЯ О СОДЕРЖАНИИ |
| Текст примечания |
Содерж. разд.: Дела небесныя; Ивиковы журавли; Достойнейшие; Тарантулы; Гг. дворяне; Традиционная гуманность; О Толстом |
| 461 #0 - УРОВЕНЬ НАБОРА |
| Встроенное поле |
001v19\rc\1940732 |
| -- |
2001#$aРодныя картинки$e[фельетоны]$fАлександр Яблоновский$vТ. 1 |
| -- |
700#1$aЯблоновский$bА. А.$f1870-1934$gАлександр Александрович$3RU\NLR\AUTH\7775513 |
| Системный номер (АБИС) связанной записи |
6652364 |
| Автор |
Яблоновский, А. А. (1870-1934) |
| Место публикации |
Москва |
| Дата публикации |
1912-1913 |
| Первые сведения об ответственности |
Александр Яблоновский |
| Имя издателя, распространителя и т.д. |
Типография Т-ва И. Д. Сытина |
| Сведения, относящиеся к заглавию |
[фельетоны] |
| Физическая характеристика |
3 т. |
| Заглавие |
Родныя картинки |
| Номер тома |
Т. 1 |
| 712 02 - НАИМЕНОВАНИЕ ОРГАНИЗАЦИИ - ВТОРИЧНАЯ ОТВЕТСТВЕННОСТЬ |
| Код отношения |
Бывший владелец |
| Начальный элемент ввода |
Книжная лавка писателей |
| Идентифицирующий признак |
Ленинград |
| Системный номер авторитетной/нормативной записи |
864385 |
| Идентификатор авторитетной/нормативной записи |
RU\NLR\AUTH\880599720 |
| 852 ## - МЕСТОНАХОЖДЕНИЕ И ШИФР ХРАНЕНИЯ |
| Идентификатор организации |
NLR |
| Шифр хранения (Call Number) |
38.36.6.73(1) |
| 852 ## - МЕСТОНАХОЖДЕНИЕ И ШИФР ХРАНЕНИЯ |
| Идентификатор организации |
NLR |
| Шифр хранения (Call Number) |
131/2599(1) |
| 942 ## - ДОПОЛНИТЕЛЬНЫЕ ЭЛЕМЕНТЫ ЗАПИСИ (АБИС) |
| Тип экземпляра АБИС |
Книга |
| 980 ## - КОЛЛЕКЦИЯ |
| Название коллекции |
Национальная библиография |